000 00668nam a2200253Ia 4500
003 OSt
005 20220918223101.0
006 a|||||r|||| 00| 0
007 ta
008 220917b |||||||| |||| 00| 0 eng d
024 _a220,299
037 _cTextual
040 _aARTS
_cARTS
_beng
041 _2eng
_aeng
082 _aR4, P3
100 _aLiu Xiusheng
_9144864
245 0 _aMencius, Hume and the Foundations of Ethics
260 _aEngland
_bAshgate
_c2003
300 _avii,204p.
_ccm.
490 _aAshgate world philosophies series
650 _aETHICS
942 _hR4, P3
_cTEXL
_2CC
999 _c277398
_d277398